[Event "Interzonal-14a"]
[Site "Subotica"]
[Date "1987.??.??"]
[Round "2"]
[White "Speelman, Jonathan S"]
[Black "Xu, Jun"]
[Result "1-0"]
[WhiteElo "2550"]
[BlackElo "2495"]
[Annotator "Speelman,J"]
[PlyCount "111"]
[EventDate "1987.06.??"]
[EventType "tourn"]
[EventRounds "17"]
[EventCountry "YUG"]
[EventCategory "11"]
[SourceTitle "CBM 003"]
[Source "ChessBase"]
[SourceDate "1988.04.01"]
[SourceVersion "1"]
[SourceVersionDate "1988.04.01"]
[SourceQuality "1"]

1. d4 Nf6 2. Nf3 e6 3. c4 d5 4. Bg5 Be7 5. Nc3 O-O 6. e3 h6 7. Bxf6 Bxf6 8. Rc1
a6 9. Bd3 (9. h3 $5) (9. cxd5 $1) 9... dxc4 10. Bxc4 Nd7 11. Ne4 $1 (11. O-O)
11... c5 (11... b6 $5) 12. Nxf6+ Qxf6 13. O-O (13. Be2 $5 b6 14. b4 $5) 13...
cxd4 $6 (13... b6 14. Qa4 $5 (14. d5 Ne5 $10 (14... b5 15. dxe6 fxe6 16. Bb3))
(14. dxc5 Nxc5 15. b4 Ne4 16. Bd3 Bb7 17. Rc7 Nc3 $1) 14... Qe7 $5 (14... b5
15. Bxb5 Nb6 16. Qa5 axb5 17. Qxb6 cxd4 18. Nxd4 Rxa2 19. Rc7 $16)) 14. Qxd4
Qxd4 15. Nxd4 Nb6 16. Be2 (16. Bb3 Bd7 17. Rc7 Rab8 18. f4 Rfc8 19. Rfc1 Kf8
$10) (16. Bd3 $5) 16... e5 $1 17. Nf3 (17. Nb3 Be6 $10) 17... Be6 (17... f6 18.
Rfd1 $16) 18. Rc7 (18. Nxe5 Bxa2 19. Rc7 Bd5 20. Bf3 $5) 18... Rab8 (18... Bxa2
19. Nxe5 (19. Rxb7 Bc4 $1 20. Bxc4 (20. Re1 Bxe2 21. Rxe2 Rfb8 22. Rxb8+ Rxb8
23. Nxe5 Na4 $15) 20... Nxc4 21. b3 Na5 $10) 19... Bd5 (19... Rab8 $14 {
- 18...Rab8}) 20. Bf3 Rae8 $1) 19. Nxe5 Bxa2 20. Rfc1 (20. Bf3 Rfe8 $1 21. Nd7
$10) 20... Bd5 $2 (20... Rfe8 21. Nf3 $14 (21. Nc4 Nd5 $1 $10)) (20... Nd5 21.
R7c5 $14) 21. Bf3 $1 $16 Bxf3 (21... Rfe8 $2 22. Nd7 $18) 22. gxf3 f6 (22...
Nd5 23. R7c5 Nf6 $16) 23. Ng6 Rf7 24. f4 Rxc7 (24... Rd8 25. Ne7+ Kh7 (25...
Kf8 {Xu Jun} 26. Rxb7 $16) 26. Rxb7 Nd5 27. Rd1 $16) 25. Rxc7 {R 9/h} Nd5 26.
Rd7 Nb6 27. Rd4 Kf7 28. f5 a5 (28... Rc8 $5) 29. Kg2 (29. Rd6 Na4 30. Rd7+ Kg8
31. Nf4 Nxb2 32. Nh5 b5 $1 33. Rxg7+ Kf8 $17) 29... Rc8 30. Rd6 $2 (30. b3 $16)
(30. Kf3 $16) (30. f4 $16) 30... Rc6 $1 31. Rd4 Rc4 32. Rd8 Rc8 33. Rd3 Rc4 34.
b3 Rc7 35. Rd8 Rc8 36. Rd4 Rc7 37. Kf3 $5 (37. Rd8 $10) 37... Nd7 38. Ke2 Ne5
$2 (38... Ke8 $10 39. Re4+ $6 Kd8 40. Re7 $2 Nc5 $19) 39. Nxe5+ fxe5 40. Rd5 {
R 7/g} Rc2+ $2 (40... Kf6 41. Rxa5 Kxf5 42. f4 (42. Kf3 $14) 42... Re7 $10 43.
Kf3 Kf6) 41. Kf3 Kf6 42. Rxa5 Kxf5 43. Rb5 $16 Rc7 44. e4+ $1 (44. Rb6 e4+ $1
45. Kg3 Rf7 $1) 44... Kf6 (44... Kg5 45. Kg3 $16) 45. Kg4 h5+ $2 (45... g6 46.
Rb6+ Kg7 (46... Rc6 47. Rxb7 h5+ $16) 47. h4 $16 Rf7 48. f3 h5+ 49. Kg5 Rxf3
50. Rxb7+ Kf8 51. Kxg6 Rf4 52. Rb4) 46. Kxh5 $18 Rc2 47. Rb6+ Kf7 48. Rxb7+ Kf6
49. Rb6+ Kf7 50. f3 g6+ 51. Kg4 Rxh2 52. Rb8 Rg2+ 53. Kh3 Rb2 54. b4 Kf6 55. b5
Kg5 56. Kg3 1-0

[Event "RUS-Cup06"]
[Site "Nizhnij Novgorod"]
[Date "1998.07.01"]
[Round "3"]
[White "Shchekachev, Andrei"]
[Black "Kiriakov, Petr"]
[Result "0-1"]
[WhiteElo "2565"]
[BlackElo "2495"]
[Annotator "Tsesarsky,I"]
[PlyCount "148"]
[EventDate "1998.06.29"]
[EventType "swiss"]
[EventRounds "9"]
[EventCountry "RUS"]
[SourceTitle "EXT 2000"]
[Source "ChessBase"]
[SourceDate "1999.11.16"]
[SourceVersion "1"]
[SourceVersionDate "1999.11.16"]
[SourceQuality "1"]

1. Nf3 {Hecht} Nf6 2. c4 e6 3. Nc3 d5 4. d4 Nbd7 5. Bg5 Be7 6. e3 h6 7. Bf4 O-O
(7... c6 8. cxd5 (8. Qc2 Qa5 9. Nd2 (9. Rc1 Ne4 10. Bd3 (10. a3 $5 $14) 10...
Nxc3 11. bxc3 b5 12. c5 Bb7 13. O-O $14 {1-0 Chinchilla,E-Al Bukhari,S/Dubai
olm 1986 (42)}) 9... Nh5 10. Be5 Nhf6 11. Bg3 Nh5 12. Be2 Nxg3 13. hxg3 Nf6 14.
O-O-O Bd7 15. Kb1 O-O-O 16. Ka1 Rhe8 17. f4 $132 {1-0 Miles,A-Newell,G/USA-op
Los Angeles 1991 (30)}) (8. Rc1 O-O 9. cxd5 exd5 10. Bd3 a5 11. O-O Nh5 12. Bg3
Nxg3 13. hxg3 Bd6 14. Bb1 Re8 15. Ne2 Nf6 16. Nf4 Bg4 17. Qd3 $132 {Blachmann,
H-Turboust,R/WchS Wildbad 1993/1-0 (50)}) 8... exd5 9. Qc2 Nh5 10. Be5 Nxe5 11.
Nxe5 Bd6 12. O-O-O Nf6 13. f4 Bd7 14. Bd3 b5 15. Kb1 a5 16. Bf5 $14 {1-0
Kalinichev,S-Kuba,S/Halle-B 1987 (39)}) (7... dxc4 8. Bxc4 a6 9. Rc1 b5 10. Bb3
Bb7 11. d5 Nc5 12. dxe6 fxe6 13. Nd4 Kf7 14. O-O Rc8 15. Be5 $14 {1/2-1/2
Vovsha,E-Botvinnik,I/Shavuot Masters 1997 (24)}) (7... Ne4 8. Nxe4 dxe4 9. Nd2
e5 10. Bxe5 Nxe5 11. dxe5 Bf5 12. Be2 Qd7 13. O-O O-O-O 14. Nb3 Qe6 15. Nd4
Qxe5 16. Qa4 Kb8 17. b4 $132 {Yermolinsky,A-Donaldson Akhmilovskaya,E/Seattle
op 1994/1/2-1/2 (74)}) (7... a6 8. cxd5 (8. Rc1 c5 9. cxd5 exd5 10. Be2 O-O 11.
O-O b6 12. Ne5 Bb7 13. Bf3 Ne4 14. Nxd7 Qxd7 15. dxc5 Nxc3 16. bxc3 bxc5 17.
Rb1 $14 {1-0 Finegold,G-Dondis,H/US op Chicago 1994 (30)}) (8. a3 O-O 9. Qc2
dxc4 10. Bxc4 b5 11. Ba2 Bb7 12. Rd1 Bd6 13. Ne5 Nh5 14. O-O Nxf4 15. exf4 Qe7
16. Rfe1 Bxe5 17. fxe5 $14 {Shevelev,S-Efimov,I/Manresa op 1993/0-1 (47)}) 8...
Nxd5 9. Nxd5 (9. Bg3 Nxc3 10. bxc3 c5 11. Bd3 O-O 12. O-O Nf6 13. Ne5 Nd7 14.
Qh5 Nxe5 15. Qxe5 Qd5 $11 {Koopmann,R-Schmitz,A/NWL-II 1992/1-0 (43)}) 9...
exd5 10. Bd3 Bb4+ 11. Nd2 O-O 12. O-O Nf6 13. Nf3 Bg4 14. Rc1 $14 {Kaukal,
T-Varga,C/Zalakaros op 1995/0-1 (45)}) 8. Bd3 (8. cxd5 Nxd5 9. Nxd5 exd5 10.
Bd3 Re8 (10... Bd6 11. Bxd6 cxd6 12. O-O Nf6 13. Qb3 $14 {1/2-1/2 Novikov,
I-Pigusov,E/Vilnius URS ch ym 1984 (42)}) 11. O-O c6 12. Qc2 a5 13. h3 a4 14.
Rae1 Nf8 15. Bh2 Be6 16. Kh1 Qa5 17. Ng1 Rac8 18. Ne2 b6 19. Nf4 c5 20. dxc5
Bxc5 21. Qe2 a3 $132 {1-0 Serper,G-Kakhiani,K/Helsinki op 1992 (45)}) 8... c6 (
8... c5 9. cxd5 Nxd5 10. Nxd5 exd5 11. O-O Qb6 12. b3 Nf6 13. h3 Ne4 14. dxc5
Bxc5 15. Bc2 $14 {1-0 Farago,I-Gaprindaschwili/Polanica Zdroj/SW,39,9 1986 (25)
}) (8... dxc4 9. Bxc4 c5 10. dxc5 Nxc5 11. Qc2 a6 12. a4 b6 13. Rd1 Qe8 14. O-O
Bb7 15. Nd4 Nfe4 $11 {1/2-1/2 Yanvarjov,I-Savon,V/URS-OT56 Uzhgorod 1988 (30)})
9. c5 Nh5 (9... b6 10. b4 a5 11. a3 axb4 12. axb4 Rxa1 13. Qxa1 Nh5 14. Qa7
Nxf4 15. exf4 bxc5 16. bxc5 f6 17. O-O e5 18. Bf5 (18. Re1 $5 e4 19. Nxe4 dxe4
20. Bxe4 f5 21. Bxc6 $14) 18... exd4 19. Na4 Nb6 20. Bxc8 Nxc8 21. Qb7 $14 {
1-0 Botvinnik,M-Kan,I/URS-ch14 Moscow 1945 (40)}) 10. O-O (10. Be5 b6 11. b4 a5
12. a3 Ba6 $11) 10... Nxf4 11. exf4 b6 12. b4 a5 13. a3 axb4 14. axb4 Rxa1 15.
Qxa1 Qc7 16. g3 $11 Bb7 17. Re1 (17. f5 bxc5 18. bxc5 e5 19. dxe5 Nxe5 20. Nxe5
Qxe5 21. Re1 Qc7 $17) 17... Ra8 18. Qb2 bxc5 19. bxc5 Ba6 20. Bb1 (20. Bxa6
Rxa6 21. Rb1 $132) 20... Bf6 21. Qc2 (21. Ne5 $11) 21... Nf8 22. Re3 Qa5 23. h4
Rb8 24. g4 (24. Ne5 Qc7 25. Qd2 $132) 24... Rb4 25. Qd2 Bxd4 $5 (25... Nd7 26.
g5 Bd8 (26... Bxd4 27. Nxd4 Qxc5 28. Nc2 (28. Nxe6 fxe6 29. Rxe6 Nf8 $15) 28...
Rxf4 29. Rg3 hxg5 30. Rxg5 $15) 27. Bc2 $132) 26. Nxd4 Qxc5 $15 27. Nc2 $8 Rxf4
28. Rg3 $8 e5 (28... Qd6 29. Nd4 e5 30. Nf5 $132) 29. Ne1 Ne6 (29... Qb4 30.
Bf5 Ng6 (30... Rxf5 31. gxf5 Qxh4 32. Ng2 Qf6 33. Ne3 $16) 31. Ng2 Rc4 $15) 30.
Qa2 (30. Bd3 Bxd3 31. Nxd3 Qd4 32. Ne2 Qa1+ 33. Kh2 Re4 34. Nc3 $132) 30... Bc4
31. Qb2 Qa7 (31... Qd6 $132) 32. Ng2 Rd4 $8 33. Ne3 (33. Bf5 Nc5 $15) 33... Bd3
(33... Ba6 34. Nf5 $132) 34. Ne2 $6 (34. Nf5 Bxf5 35. Bxf5 $11) 34... Bxe2 35.
Qxe2 Rb4 36. Bf5 (36. Bc2 Nf4 37. Qd2 Qd4 $15) 36... Nf4 37. Qd2 Qa1+ 38. Kh2
Qb2 (38... Qd4 39. Qxd4 Rxd4 40. Ng2 g6 41. Bd7 Nxg2 42. Kxg2 c5 43. Ra3 Kg7
$11) 39. Bc2 (39. Nc4 Qxd2 40. Nxd2 g6 41. Bd7 Rb2 $17) 39... g6 (39... c5 40.
g5 h5 41. Nc4 $5 (41. Nf5 g6 $15) 41... Qd4 $8 42. Ra3 $1 g6 43. Qxd4 exd4 44.
Ne5 $14) 40. h5 Kg7 41. hxg6 fxg6 42. Qd1 $6 (42. Nd1 Rd4 43. Qe1 Qb8 44. Rb3
Qd6 45. Rb7+ Kh8 46. Qa5 Ne6 47. Qa8+ Nf8 48. Rf7 Kg8 49. Qa7 Rxg4 50. Rg7+ Kh8
51. Qe7 Qxe7 52. Rxe7 e4 $15) 42... Qd4 43. Qe1 e4 (43... c5 $17) 44. Bxe4 $2
$19 (44. f3 $5 $17) 44... dxe4 45. Nc2 Rb1 $1 46. Nxd4 $8 Rxe1 47. Nxc6 (47.
Rc3 Nd3 48. Rc2 Ne5 49. Kg3 g5 50. Nxc6 Rg1+ 51. Kh3 Nxg4 $19) 47... Rc1 (47...
Nd3 48. Rg2 Rc1 49. Nd4 Kf6 50. Kg3 Ke5 $19) 48. Nd4 Rc4 49. Nb3 Rc2 50. Re3
Nd3 51. Kg3 Nxf2 52. Nd4 Rc4 53. Nb5 Nd1 $6 (53... Rc2 54. Nd6 Kf6 55. Nxe4+
Nxe4+ 56. Rxe4 Rc3+ 57. Kg2 Kg5 58. Rd4 Kh4 59. Kf2 Rc2+ 60. Kf3 Rc6 61. Kg2
Rf6 62. Ra4 g5 63. Rb4 Rf4 $19) 54. Re1 Nc3 $4 $11 (54... Rb4 55. Rxd1 Rxb5 56.
Rd4 Rb3+ 57. Kf4 e3 58. Kf3 Kf6 59. Rd6+ Kg5 60. Rd5+ Kh4 61. Rd6 e2+ 62. Kxe2
Kg5 $19) 55. Nxc3 Rxc3+ 56. Kf4 Kf6 (56... Rc4 57. Rxe4 Rxe4+ 58. Kxe4 Kf6 59.
Kf4 Ke6 60. Ke4 Kf7 61. Kf4 Kf6 62. g5+ $11) (56... e3 57. Rxe3 Rxe3 58. Kxe3
Kf6 59. Kf4 $11) 57. g5+ $8 (57. Rxe4 g5#) (57. Kxe4 Kg5 $19) 57... hxg5+ 58.
Kxe4 Rh3 {[#] Hecht: Also gut, der weiße König ist horizontal ein klein wenig
gesperrt. Jedoch kann Schwarz daraus kein Kapital schlagen, weil der weiße
Turm alsbald den g-Bauern hemmt und der schwarze König sich auch nicht nähern
kann.} 59. Rg1 Ra3 60. Rg2 g4 61. Kf4 (61. Rxg4 g5 62. Rg1 Kg6 63. Rh1 $11)
61... Ra4+ 62. Kg3 Kg5 63. Rb2 (63. Ra2 Rf4 64. Ra8 Rf3+ 65. Kg2 Rb3 66. Rg8
$11) 63... Ra3+ 64. Kg2 {[#] Hecht: Nun aber könnte man allmählich Frieden
schließen, oder nicht....?! Wie man sich gegen den doppelten Mittelbauern
verteidigt, habe ich anläßlich der Olympiade in Skopje 1972 gegen B.Malich
nach entsprechender Präparation durch die lieben Mannschaftskollegen und
gestählt durch ein 10-rundiges Blitzmatch gegen Robert Hübner mit der immer
gleichen Endspielstellung (9-mal Remis und doch ein Verlust!) zeigen können.
Auf die gleiche Art und Weise hat N.Stanec gegen Roth,Pe. (Vienna Bauwag 96)
gegen den doppelten c-Bauern remisiert (siehe CBM 54). Man greift einfach mit
dem Turm den Hintermann an und begibt sich im Zweifelsfall mit dem König auf
die kurze Seite. Durch das Nehmen des Hintermanns gelangt der Turm in den
Rücken des Vordermanns, und die Partie bleibt unabänderlich remis. Gegen den
doppelten Springerbauern braucht man eigentlich gar nichts zu tun, außer sich
in Geduld zu üben. Nur an einer einzigen Stelle muß man als Verteidiger aktiv
werden. Wir werden das sehen.} Kh4 65. Rc2 (65. Rb8 Ra2+ 66. Kg1 Kh3 67. Rh8+
Kg3 68. Kf1 Ra1+ 69. Ke2 Kg2 $19) 65... Ra4 66. Rf2 (66. Rc3 Ra2+ 67. Kg1 g3
68. Rc8 Kh3 (68... g5 69. Rg8 $11) 69. Rh8+ $11) 66... g3 67. Rc2 g5 68. Rb2 (
68. Rc8 Ra2+ 69. Kg1 $11) 68... Rf4 {[#] Hecht: Wo bleibt bei Weiß das
elementare Endspielwissen??! Gegen jeden (Doppel-)Bauern gilt das gleiche
Prinzip.Begibt sich der (vordere) Bauer auf die drittletzte Reihe, so schnellt
der verteidigende Turm auf die 1. (8.) Reihe und gibt von hinten her Schachs,
gegen die sich der König entweder gar nicht bzw. bei einem Doppelbauern nur
vorübergehend schützen kann. Das Remis ist unausweichlich.} 69. Kg1 {Hecht:
Verdirbt zwar nichts, aber} (69. Rb8 $142 $1 $11 {Hecht}) 69... Rf2 70. Rb1 {
Hecht:verdirbt immer noch nichts, aber, aber...} (70. Rb8 $142 $1 $11 {Hecht})
70... Kh3 71. Ra1 $4 $19 {Hecht:Jetzt ist das Endspiel verloren, weil wegen
der ständigen Mattdrohung der Turm die erste Reihe nicht mehr verlassen kann.
Gegen den einfachen Springerbauern wäre auch noch nichts passiert; doch nun
schlägt die Stunde des Hintermanns!} (71. Rb8 $8 $11 {Hecht}) 71... Rd2 72. Rb1
Rd3 73. Rf1 g4 74. Rc1 g2 0-1

[Event "SWE-ch"]
[Site "Linkoping"]
[Date "2001.07.09"]
[Round "8"]
[White "Cramling, Pia"]
[Black "Akesson, Ralf"]
[Result "1/2-1/2"]
[WhiteElo "2510"]
[BlackElo "2481"]
[Annotator "Ziegler,A"]
[PlyCount "38"]
[EventDate "2001.06.30"]
[EventType "tourn"]
[EventRounds "13"]
[EventCountry "SWE"]
[EventCategory "8"]
[SourceTitle "CBM 085"]
[Source "ChessBase"]
[SourceDate "2001.11.13"]
[SourceVersion "1"]
[SourceVersionDate "2001.11.13"]
[SourceQuality "1"]

1. d4 e6 2. c4 d5 3. Nf3 Nf6 4. Nc3 Be7 5. Bg5 O-O 6. e3 h6 7. Bxf6 Bxf6 8. Qb3
(8. cxd5 {Leder till klassikt spel а la Karlsbad.}) 8... c6 9. Rd1 {En vanlig
strategi i slutna spel: Tornet ställs på d-linjen för att avskräcka svart från
att göra ...c5 eller ...e5.} Nd7 10. Bd3 Rb8 11. Qc2 {Lite passivt.} b5 (11...
dxc4 12. Bxc4 b5 13. Bd3 Qa5 14. O-O c5 {Ger svart bekvämt spel.}) 12. cxb5
cxb5 13. Bxb5 Qa5 {[#] Ralf lägger in ett spännande bondeofer.} 14. Bd3 $6 (14.
Be2 {Ger vit möjligheten att behålla bonden.}) 14... Nc5 $1 15. Be2 (15. Bh7+
Kh8 16. O-O Na6 (16... g6 17. Bxg6 fxg6 18. dxc5) 17. Bd3 Nb4 18. Qb3 Bd7 {
Svart klarar sig.}) 15... Ne4 16. O-O Rxb2 $1 17. Qxb2 Nxc3 18. Rc1 Nxe2+ 19.
Qxe2 Ba6 {Ett kort litet remiparti som bjöd på dramatik!} 1/2-1/2